000
00333nam a22001457a 4500
008
221216b ||||| |||| 00| 0 eng d
020
_a
9781588295576
041
_a
eng
080
_2
SECOND EDITION
_a
616.15
082
_a
616.15MUN
100
_a
15.1
101
_a
HEMA
245
_a
MODERN HEMATOLOGY
_c
MUNKER R
942
_2
udc
_c
BK
999
_c
59194
_d
59194